Popular Fragrances from each Country - Statistics

General Stats
  • This quiz has been taken 21 times
  • The average score is 15 of 50
Answer Stats
Answer Brand Country % Correct
1 Le Male Elixir Jean Paul Gaultier France
84%
2 Angels' Share By Kilian France
74%
4 Eros Versace Italy
74%
3 Le Male Le Parfum Jean Paul Gaultier France
74%
1 Naxos Xerjoff Italy
63%
4 By the Fireplace Maison Margiela France
58%
7 Eros Flame Versace Italy
58%
1 Tobacco Vanille Tom Ford United States
58%
4 Voyage Nautica United States
58%
8 Erba Pura Xerjoff Italy
53%
5 Le Beau Le Parfum Jean Paul Gaultier France
53%
2 Stronger With You Intensely Giorgio Armani Italy
53%
5 Dylan Blue Versace Italy
47%
2 9 PM Afnan United Arab Emirates
42%
8 Baccarat Rouge 540 Maison Francis Kurkdijan France
42%
9 Jazz Club Maison Margiela France
42%
5 Oud Wood Tom Ford United States
42%
7 Homme Intense Dior France
37%
1 Khamrah Lattafa United Arab Emirates
37%
3 Ombre Leather Tom Ford United States
37%
6 Y Eau de Parfum Yves Saint Laurent France
37%
3 Bianco Latte Giardini Di Toscana Italy
32%
6 Hawas Rasasi United Arab Emirates
32%
2 Lost Cherry Tom Ford United States
32%
6 Blonde Amber Clive Christian United Kingdom
26%
3 Club de Nuit Armaf United Arab Emirates
26%
9 Pour Homme Versace Italy
26%
6 Santal 33 Le Labo United States
26%
6 Uomo Born In Roma Intense Valentino Italy
21%
5 Asad Lattafa United Arab Emirates
16%
8 CK One Calvin Klein United States
16%
7 London Burberry United Kingdom
16%
7 Noir Extreme Tom Ford United States
16%
9 Another 13 Le Labo United States
11%
5 Halfeti Penhaligon's United Kingdom
11%
7 Vanilla 28 Kayali United Arab Emirates
11%
10 Acqua Di Gio Profundo Giorgio Armani Italy
5%
3 Elysium Roja Dove United Kingdom
5%
8 Hero Eau de Parfum Burberry United Kingdom
5%
4 Khamrah Qahwa Lattafa United Arab Emirates
5%
4 Myrrh & Tonka Jo Malone United Kingdom
5%
9 The Blazing Mr Sam Penhaligons United Kingdom
5%
1 Wood Sage & Sea Salt Jo Malone London United Kingdom
5%
10 You Glossier United States
5%
8 Bade'e Al Oud Honor & Glory Lataffa United Arab Emirates
0%
2 Bentley Bentley United Kingdom
0%
10 Layon Parfums de Marly France
0%
10 Nebras Lattafa United Arab Emirates
0%
10 The Tragedy of Lord George Penhaligons United Kingdom
0%
9 Yum Pistachio Gelato Kayali United Arab Emirates
0%
No matching quizzes found
Score Distribution
Percent of People with Each Score
Percentile by Number Answered
Your Score History
You have not taken this quiz